000 01114cam a2200313 a 4500
001 17447636
003 OSt
005 20150408114221.0
008 120830s2012 nyuab b 001 0 eng
010 _a 2012034466
020 _a9780393918854 (pbk.)
040 _aDLC
_cDLC
_dDLC
042 _apcc
043 _an-us---
050 0 0 _aPS507
_b.N65 2013
082 0 0 _a810.8
_223
245 0 4 _aThe Norton anthology of American literature /
_cNina Baym, general editor ; Robert S. Levine, associate general editor.
250 _aShorter 8th ed.
260 _aNew York :
_bW.W. Norton & Co.,
_cc2013.
300 _axxxviii, 2857 [83] p. :
_bcol. ill., col. map ;
_c24 cm.
504 _aIncludes bibliographical references and index.
650 0 _aAmerican literature.
651 0 _aUnited States
_vLiterary collections.
_945961
700 1 _aBaym, Nina.
_945962
700 1 _aLevine, Robert S.
_q(Robert Steven),
_d1953-
_945963
906 _a7
_bcbc
_corignew
_d1
_eecip
_f20
_gy-gencatlg
942 _2ddc
_cBOOK
999 _c35410
_d269910